Sports Quiz

Random Sports or Basketball Quiz

Most Valuable Sports Franchises Quiz Stats

 Plays Quiz Updated Sep 26, 2019

Score 0/40 Timer 05:00
16 Plays Today
League Team % Correct
MLBNew York Yankees
95.5%
NBALos Angeles Lakers
91.9%
NFLDallas Cowboys
89.2%
MLBSan Francisco Giants
88.6%
NFLWashington Redskins
88.1%
MLBChicago Cubs
88.1%
NFLNew England Patriots
86.6%
NBAChicago Bulls
79.9%
NFLLos Angeles Rams
78.3%
NBANew York Knicks
77.8%
NHLNew York Rangers
75.3%
MLBBoston Red Sox
72.1%
MLBLos Angeles Dodgers
70.7%
MLBNew York Mets
70%
NBAGolden State Warriors
69.1%
NBABoston Celtics
67.7%
NFLPhiladelphia Eagles
66.4%
NHLVancouver Canucks
66%
NFLNew York Jets
65.1%
NFLNew York Giants
64.4%
League Team % Correct
NFLHouston Texans
64.4%
MLBSt Louis Cardinals
62.7%
NHLToronto Maple Leafs
58.8%
NBADallas Mavericks
56.8%
NHLBoston Bruins
56.6%
NHLMontreal Canadiens
56.4%
MLBPhiladelphia Phillies
54.3%
MLBLos Angeles Angels
53.9%
MLBHouston Astros
49.3%
NBALos Angeles Clippers
45.1%
NHLDetroit Red Wings
44.9%
NFLChicago Bears
44.8%
NBAHouston Rockets
44.7%
NHLPhiladelphia Flyers
42.2%
NBAMiami Heat
38.2%
NHLLos Angeles Kings
36.7%
NFLSan Francisco 49ers
31.4%
NHLChicago Blackhawks
30.7%
NHLWashington Capitals
23.1%
NBABrooklyn Nets
22.9%

You're not logged in!

Compare scores with friends on all Sporcle quizzes.
OR
Log In

Sporcle TV

Today on Sporcle TV


Watch our educational content, quiz creation guides, and fun videos on Sporcle TV.

Show Comments

Extras

Top Quizzes Today


Score Distribution

Your Account Isn't Verified!

In order to create a playlist on Sporcle, you need to verify the email address you used during registration. Go to your Sporcle Settings to finish the process.

Report this User

Report this user for behavior that violates our Community Guidelines.

Details: